Romulo Medrano Marte: (Antología poética) / Rómulo Medrano Marte (Registro nro. 5081)

Detalles MARC
000 -LEADER
fixed length control field 00559nam a22001931a 4500
001 - CONTROL NUMBER
control field 5081
003 - CONTROL NUMBER IDENTIFIER
control field OSt
005 - DATE AND TIME OF LATEST TRANSACTION
control field 20260204212000.0
008 - FIXED-LENGTH DATA ELEMENTS--GENERAL INFORMATION
fixed length control field 051107s1985||||dr ||||||b||||||||||spa||
050 ## - LIBRARY OF CONGRESS CALL NUMBER
Classification number RD 861.44 R666m
100 ## - ASIENTO PRINCIPAL -- NOMBRE PERSONAL
Personal name Medrano Marte, Rómulo
245 ## - TÍTULO PROPIAMENTE DICHO: SUBTÍTULO
Title Romulo Medrano Marte: (Antología poética) / Rómulo Medrano Marte
264 ## - PRODUCTION, PUBLICATION, DISTRIBUTION, MANUFACTURE, AND COPYRIGHT NOTICE
Place of production, publication, distribution, manufacture Santo Domingo : Biblioteca Nacional
300 ## - PHYSICAL DESCRIPTION
Extensión 46 p
490 ## - MENCIÓN DE SERIE
Series statement Colección Orfeo
650 ## - ASIENTO SECUNDARIO DE MATERIA -- TERMINO TEMÁTICO
Termino Temático Como Elemento de Entrada Antología Política - Romulo Medrano Marte
700 ## - ASIENTO SECUNDARIO -- NOMBRE PERSONAL
Personal name Perez, Ricardo Ant. (Comp.)Ì
942 ## - ADDED ENTRY ELEMENTS (KOHA)
Source of classification or shelving scheme Dewey Decimal Classification
Koha item type Libros
Existencias
Withdrawn status Lost status Source of classification or shelving scheme Damaged status Not for loan Current library Date acquired Total Checkouts Full call number Barcode Date last seen Price effective from Koha item type
    Dewey Decimal Classification     Biblioteca UTECO 09/09/2019   RD 861.44 R666M 009668 09/09/2019 09/09/2019 Libros
    Dewey Decimal Classification     Biblioteca UTECO 09/09/2019   RD 861.44 R666M 009811 09/09/2019 09/09/2019 Libros
© 2021 Derechos Reservados UTECO - Teléfono: +1 809-585-2291 - Correo electrónico: biblioteca@uteco.edu.do​  
Código postal 43000 ​​
Dirección: Avenida Universitaria No. 100, 
Cotuí, Provincia Sánchez Ramírez, República Dominicana - RNC: 404-00059-6